Statistics for Max Speed in Europe Quiz

Click here to take the quiz!

General Stats

  • This quiz has been taken 17 times
  • The average score is 36 of 55

Answer Stats

CountryMax speed in KM/H% Correct
Andorra (1)90
88%
Albania130
81%
Austria (3)140
81%
*Åland (1)90
81%
Armenia (2)100
75%
Czech Republic130
75%
Cyprus100
69%
Moldova110
69%
Azerbaijan110
69%
Belgium120
69%
Belarus120
69%
Finland120
69%
Bosnia and Herzegovina130
69%
Greece130
69%
Croatia130
69%
Denmark130
69%
Luxembourg130
69%
France130
69%
Hungary130
69%
Poland140
69%
Bulgaria (4)140
69%
Georgia90
69%
Estonia (1)90
69%
Iceland90
69%
Norway110
63%
Portugal120
63%
Switzerland120
63%
Turkey120
63%
Sweden120
63%
Spain120
63%
Ireland120
63%
Slovakia130
63%
Serbia130
63%
Ukraine130
63%
Russia130
63%
Romania130
63%
Slovenia130
63%
Kosovo130
63%
North-Macedonia130
63%
Lithuania130
63%
Italy (6)130
63%
The Netherlands130
63%
Vatican City (1)30
63%
San Marino (1)70
63%
Malta (1)80
63%
Montenegro (1)80
63%
*Faroe Islands80
63%
Liechtenstein (1)80
63%
Latvia (1)90
63%
Monaco (1)50
56%
United Kingdom (MPH)70
56%
*Guernsey (MPH)35
50%
*Jersey (MPH)40
50%
Germany (5)No Speed Limit
50%
Isle of Man (7)No Speed Limit
31%

Score Distribution

Percentile by Number Answered

Percent of People with Each Score

Your Score History

You have not taken this quiz